Incorporación de la huella de carbono en modelos BIM : caso de aplicación en una vivienda unifamiliar en condominio
Bewaard in:
| Hoofdauteur: | |
|---|---|
| Andere auteurs: | |
| Formaat: | Boek |
| Taal: | Spanish |
| Gepubliceerd in: |
[San José], Costa Rica
2020.
|
| Onderwerpen: |
MODELADO DE INFORMACION DE CONSTRUCCION
> MODELADO DE INFORMACION DE CONSTRUCCION - PROCESAMIENTO DE DATOS
> GASES DEL EFECTO INVERNADERO - ASPECTOS AMBIENTALES
> ARQUITECTURA DOMESTICA - ASPECTOS AMBIENTALES
> INGENIERÍA CIVIL - PROGRAMAS PARA COMPUTADORA
> INDUSTRIA DE LA CONSTRUCCION - ASPECTOS AMBIENTALES
> AUTODESK REVIT
> IMAGEN TRIDIMENSIONAL EN DISEÑO
> CARBONO - MEDICIONES
> CONSTRUCCION SOSTENIBLE
|
| Tags: |
Voeg label toe
Geen labels, Wees de eerste die dit record labelt!
|
MARC
| LEADER | 00000nam a2200000Ia 4500 | ||
|---|---|---|---|
| 003 | 013223 | ||
| 005 | 20230314112300.0 | ||
| 008 | 140116s2020 cr a 000 ||spa d | ||
| 040 | |c cru CEDI | ||
| 100 | |a Vargas Meza, José Daniel, 1996- |9 236 | ||
| 245 | |a Incorporación de la huella de carbono en modelos BIM : caso de aplicación en una vivienda unifamiliar en condominio | ||
| 260 | |a [San José], Costa Rica |c 2020. | ||
| 500 | |a Proyecto de graduación (licenciatura en ingeniería civil)--Universidad de Costa Rica. Facultad de Ingeniería. Escuela de Ingeniería Civil | ||
| 501 | |a Director de Proyecto de Graduación: Ing. Robert Anglin Fonseca, MSe. | ||
| 650 | |x MODELADO DE INFORMACION DE CONSTRUCCION |x MODELADO DE INFORMACION DE CONSTRUCCION - PROCESAMIENTO DE DATOS |x GASES DEL EFECTO INVERNADERO - ASPECTOS AMBIENTALES |x ARQUITECTURA DOMESTICA - ASPECTOS AMBIENTALES |x INGENIERÍA CIVIL - PROGRAMAS PARA COMPUTADORA |x INDUSTRIA DE LA CONSTRUCCION - ASPECTOS AMBIENTALES |x AUTODESK REVIT |x IMAGEN TRIDIMENSIONAL EN DISEÑO |x CARBONO - MEDICIONES |x CONSTRUCCION SOSTENIBLE | ||
| 700 | |9 186 |a Anglin Fonseca, Robert Anthony, 1967- |d Director del TFG | ||
| 942 | |c CEDI |h TFG 8374 |6 TFG_8374_000000000000000 | ||
| 999 | |c 13209 |d 13209 | ||
